000 00564nam a2200205Ia 4500
003 LK-CoDNM
005 20240318105241.0
008 010623t1928 xxu||||| |||| 00| 1 eng d
040 _aLK-CoDNM
_dLK-CoDNM
_eLK-CoDNM
041 _aeng
_asin
080 _a104 HH29
100 _aFernando,S.Joseph
245 _aතලවිල සිද්ධස්ථානය
246 _aA Historical Sketch of the Shrine at Talawila
260 _c1928
300 _bDamaged
_axvii,29p.,17 cm
650 _aSt. Anna's Church
700 _aJulian,P.Don
_eed.
942 _cBK
999 _c94446
_d94446